| 000 | 00974nam a22003017a 4500 | ||
|---|---|---|---|
| 003 | CHAP | ||
| 005 | 20220329134848.0 | ||
| 008 | 971013s1976 r 10010 d | ||
| 010 | _a27086 | ||
| 011 | _a28058 | ||
| 035 | _a32159 | ||
| 040 | _cCHAP | ||
| 082 |
_a595.7063 _bC65 1976 |
||
| 111 | 0 | 0 |
_aCongreso Nacional de Entomología ( _n11 _d: 1976 _c: México, D.F.) _926932 |
| 245 | _aPonencias | ||
| 260 |
_aMéxico, D.F. : _bSociedad Mexicana de Entomología, _c1976 |
||
| 300 | _a110 p. | ||
| 490 |
_aFolia Entomológica Mexicana _v; 36 |
||
| 590 |
_aBATCH-UPD _b10 _c20130110 _lUCH01 _h2010 |
||
| 590 |
_aBATCH-UPD _b10 _c20130410 _lUCH01 _h1329 |
||
| 590 |
_aBATCH-UPD _b10 _c20130914 _lUCH01 _h1314 |
||
| 590 |
_aCONVERSION _b10 _c20130109 _lUCH01 _h1316 |
||
| 650 | 1 | 4 |
_aEntomología _xCongresos. _937123 |
| 830 | 0 |
_aFolia Entomológica Mexicana _v; 36 _942012 |
|
| 901 | _aBK | ||
| 942 | _cLIBRO | ||
| 949 |
_a595.7063 C65 1976 _bBC _cCONG _d-74405 _eCONG _h56799 _i32159 _si |
||
| 999 |
_c27086 _d27086 |
||